| 000 | 01674nam0a2200361 4500 | ||
|---|---|---|---|
| 001 | RU\NLR\BIBL_A\012281626 | ||
| 005 | 20200720112022.0 | ||
| 010 |
_a978-5-8354-1638-7 _9500 |
||
| 021 |
_aRU _bКН-П-20-011024 _9КН-П-20-0864 |
||
| 035 | _a(NLR Aleph) 012281626 | ||
| 035 | _a(RuMoRGB)010286367 | ||
| 090 |
_a11221603 _c11221603 |
||
| 100 | _a20200629d2020 u y0rusy50 ca | ||
| 101 | 0 | _arus | |
| 102 | _aRU | ||
| 105 | _aa|||j|||000zy | ||
| 181 | 0 |
_ai _baxxe |
|
| 182 | 0 | _an | |
| 200 | 1 |
_aЭлементарная догматика обязательств _eучебное пособие _e[для приступающих к изучению обязательственного права] _fС.В. Сарбаш |
|
| 203 |
_aТекст _bвизуальный _cнепосредственный |
||
| 205 | _a3-е изд., испр. и доп. | ||
| 210 |
_aМосква _cСтатут _d2020 |
||
| 215 |
_a434, [1] с. _cил. _d21 |
||
| 300 | _aНа 4-й с. обл. авт.: С.В. Сарбаш - д-р юрид. наук, засл. юрист Рос. Федерации, судья Высш. Арбитр. Суда Рос. Федерации в отставке | ||
| 320 | _aДр. кн. авт. на 4-й с. обл. | ||
| 606 | 1 |
_aОбязательства (юрид.) _yРоссийская Федерация _jУчебные издания _2nlr_sh1 _2nlr_sh2 _3RU\NLR\AUTH\661419537 |
|
| 686 | 1 | _aХ623.2я7 | |
| 700 | 1 |
_aСарбаш _bС. В. _f1967- _gСергей Васильевич |
|
| 942 | _cBOOK | ||
| 980 | _aNBR | ||
| 980 | _aNB | ||